Index seminum 2007

Bibliographic Details
Corporate Author: Univerzita Komenského v Bratislave. Botanická záhrada (Author)
Other Authors: Petrík, Anton, 1948- (Editor)
Format: Book
Language:Latin
Slovak
PhysicalDescription:[12] s. mp. 21 cm
Published: Bratislava Univerzita Komenského 2007
ISBN:9788022324212 (brož.)
Edition:[1. vyd.]
Subjects:

MARC

LEADER 00000nam a2200000 a 4500
001 vtls009344571
003 SK-MaSNL
005 20260425235428.0
008 081008s2007 xo b f 000 0 lat
015 |a SNBE2009/01-00090 
020 |a 9788022324212 (brož.) 
040 |a SNK  |b slo  |c SNK  |e AACR2 
041 0 |a lat  |a slo 
043 |a e-xo--- 
044 |a xo  |c SK 
072 7 |a 581  |x Všeobecná botanika  |2 konspekt 
080 |a 58  |2 2001 
080 |a 581.48  |2 2001 
080 |a 631.53.01  |2 2001 
080 |a (437.6)  |2 2001 
080 |a (083.8)  |2 2001 
110 2 |a Univerzita Komenského v Bratislave.  |b Botanická záhrada  |4 aut  |9 32718 
245 1 0 |a Index seminum 2007  |c [editor Anton Petrík] 
250 |a [1. vyd.] 
260 |a Bratislava  |b Univerzita Komenského  |c 2007 
300 |a [12] s.  |b mp.  |c 21 cm 
500 |a Názov z obalu 
500 |a Čiast. text slov. 
504 |a Bibliografia 
650 0 7 |a botanika  |2 SNKPH  |9 688 
650 0 7 |a semená  |2 SNKPH  |9 16194 
651 7 |a Bratislava (Slovensko)  |2 SNKPH  |9 14568 
655 7 |a zoznamy  |2 SNKPH  |9 29645 
700 1 |a Petrík, Anton,  |d 1948-  |4 edt  |9 91342 
919 |a 978-80-223-2421-2 
999 |c 829338  |d 831268 
952 |a SNK  |b SNK  |y PREZ  |7 0  |p 17A0601610  |o snkOSC 18607/2007  |i snk2008/18978  |8 0  |0 0  |1 0  |4 0  |d 2008-10-08  |l 0  |r 2026-02-24 03:33:25  |w 2026-02-24 
952 |a SNK  |b SNK  |y VYP  |7 0  |p 17A0601582  |o snkOSC 18607/2007 D1  |i snk2008/18979  |8 0  |0 0  |1 0  |4 0  |d 2008-10-08  |l 0  |r 2026-02-24 03:33:25  |w 2026-02-24